000 00530nam a2200181Ia 4500
008 100917s9999 xx 000 0 und d
082 _b50049
100 _aइनामदार ना. सं.
245 _aराऊ (आ. 2 री.)
260 _bक ॉन्टिनेंटल प्रकाशन
_c1979
300 _a418
365 _b25
520 _aकादंबरी
630 _aराऊ (आ. 2 री.)
650 _aकादंबरी
730 _aराऊ (आ. 2 री.)
942 _cBOOK
999 _c655443
_d655440